000 00439nam a2200157 4500
001 137336
003 ES-MaACL
005 20230906195343.0
007 t|
008 070214s1960 sp r ||||1| spa d
100 1 _aSánchez, José.
_9102378
245 1 0 _aAcademias literarias del siglo de oro español /
_cJosé Sánchez.
260 _aMadrid :
_bGredos,
_c1960.
300 _a357 p. ;
_c22 cm.
852 _aES-MaACL
_jC-19802
_bR.47544
999 _c137336
_d137336